[Event "Motor City op"]
[Site "Warren"]
[Date "2002.12.01"]
[Round "7"]
[White "Collins, Charles"]
[Black "Keddie, Jeremy"]
[Result "1-0"]
[WhiteElo "1710"]
[BlackElo "1103"]
[PlyCount "37"]
[EventDate "2002.11.29"]
[EventType "swiss"]
[EventRounds "7"]
[EventCountry "USA"]
[SourceTitle "EXT 2009"]
[Source "ChessBase"]
[SourceDate "2008.11.26"]
[SourceVersion "1"]
[SourceVersionDate "2008.11.26"]
[SourceQuality "1"]

1. d4 e6 2. c4 Nf6 3. g3 d5 4. Bg2 g6 5. Nf3 Bg7 6. 0-0 dxc4 7. Na3 Nc6 8. Nxc4 0-0 9. Nce5 Nxe5 10. Nxe5 c6 11. Qa4 Nd7 12. Rd1 Nxe5 13. dxe5 b5 14. Qc2 Qb6 15. Be3 Qc7 16. Rac1 Bxe5 17. Qxc6 Qa5 18. Rc5 Rb8 19. Rxe5 1-0